| 000 | 00832nam a22002177a 4500 | ||
|---|---|---|---|
| 005 | 20250806142700.0 | ||
| 010 | _aB-728416 EN-129951 | ||
| 020 |
_a9789353433741 _c449.00 |
||
| 035 | _aB-728416 ENG-146419 | ||
| 037 | _bRK Books | ||
| 037 | _bDBAD | ||
| 082 | _a000 | ||
| 100 |
_aMadaan,KVS _983855 |
||
| 245 |
_aNTA UGC NET/SET/JRF Paper 1 teaching and research aptitude / _cby KVS Madaan |
||
| 250 | _a3rd ed | ||
| 260 |
_aNoida _bPearson _c2019 |
||
| 270 |
_a15th Floor, Tower-B, World Trade Tower, Plot No. 1, Block-C, Sector-16 _bNoida, U.P. _e201301 |
||
| 300 |
_avarious pagings: _bill. _c25cm(pbk) |
||
| 942 |
_2ddc _cEN _h000 _mMAD |
||
| 999 |
_c165850 _d165850 |
||